| 000 | 01324nam a22003737a 4500 | ||
|---|---|---|---|
| 003 | CHAP | ||
| 005 | 20220329134629.0 | ||
| 008 | 971013s1967 r 00010 d | ||
| 010 | _a23288 | ||
| 011 | _a24260 | ||
| 035 | _a28359 | ||
| 040 | _cCHAP | ||
| 082 |
_a338.9597 _bC4 |
||
| 100 | 0 | 0 |
_aChau, Le. _922018 |
| 245 |
_aDel feudalismo al socialismo _b: la economía de Vietnam del Norte |
||
| 260 |
_aMéxico, D.F. : _bSiglo XXI, _c1967 |
||
| 300 |
_a921 p. _b; mapas |
||
| 490 |
_aEl mundo del hombre _v; economía y demografía |
||
| 590 |
_aBATCH-UPD _b10 _c20130110 _lUCH01 _h0132 |
||
| 590 |
_aBATCH-UPD _b10 _c20130110 _lUCH01 _h1002 |
||
| 590 |
_aBATCH-UPD _b10 _c20130409 _lUCH01 _h2129 |
||
| 590 |
_aBATCH-UPD _b10 _c20130410 _lUCH01 _h0613 |
||
| 590 |
_aBATCH-UPD _b10 _c20130914 _lUCH01 _h2028 |
||
| 590 |
_aCONVERSION _b10 _c20130109 _lUCH01 _h1314 |
||
| 650 | 1 | 4 |
_aSocialismo. _9108040 |
| 650 | 1 | 4 |
_aVietnam _xCondiciones económicas. _9119304 |
| 650 | 1 | 4 |
_aVietnam _xHistoria. _9119305 |
| 650 | 1 | 4 |
_aVietnam _xPolítica económica. _9119306 |
| 830 | 0 |
_aEl mundo del hombre _v; economía y demografía _936144 |
|
| 901 | _aBK | ||
| 942 | _cLIBRO | ||
| 949 |
_a338.9597 C4 _bBC _cLIBRO _d33724000386397 _eLIBRO _fc.2 _i28359 _mD. Ing. Acosta _si |
||
| 949 |
_a338.9597 C4 _bBC _cLIBRO _d33724000386405 _eLIBRO _h29396 _i28359 _si |
||
| 999 |
_c23288 _d23288 |
||